000 00378nam a22001457a 4500
020 _a9789393969965
082 _aM 001.42
_bASH/A
100 _aAshok D'cruz
245 _aAsangayillathe gaveshanam arambikkam/
_cby Ashok D'cruz
250 _a3rd ed.
260 _aKozhikode:
_bPavanatma Publishers,
_c2024.
300 _a196p.
650 _aResearch Methodology
942 _cBK
999 _c181871
_d181871